<?xml version="1.0" encoding="UTF-8"?><?xml-stylesheet type="text/xsl" href="static/style.xsl"?><OAI-PMH xmlns="http://www.openarchives.org/OAI/2.0/" xmlns:xsi="http://www.w3.org/2001/XMLSchema-instance" xsi:schemaLocation="http://www.openarchives.org/OAI/2.0/ http://www.openarchives.org/OAI/2.0/OAI-PMH.xsd"><responseDate>2026-06-29T01:18:32Z</responseDate><request verb="GetRecord" identifier="oai:docta.ucm.es:20.500.14352/126104" metadataPrefix="marc">https://docta.ucm.es/rest/oai/request</request><GetRecord><record><header><identifier>oai:docta.ucm.es:20.500.14352/126104</identifier><datestamp>2025-11-15T01:09:37Z</datestamp><setSpec>com_20.500.14352_14</setSpec><setSpec>col_20.500.14352_21</setSpec></header><metadata><record xmlns="http://www.loc.gov/MARC21/slim" xmlns:dcterms="http://purl.org/dc/terms/" xmlns:xsi="http://www.w3.org/2001/XMLSchema-instance" xmlns:doc="http://www.lyncode.com/xoai" xsi:schemaLocation="http://www.loc.gov/MARC21/slim http://www.loc.gov/standards/marcxml/schema/MARC21slim.xsd">
   <leader>00925njm 22002777a 4500</leader>
   <datafield ind2=" " ind1=" " tag="042">
      <subfield code="a">dc</subfield>
   </datafield>
   <datafield ind2=" " ind1=" " tag="720">
      <subfield code="a">Gutiérrez Colomer Ruiz, Natalia Paloma</subfield>
      <subfield code="e">author</subfield>
   </datafield>
   <datafield ind2=" " ind1=" " tag="720">
      <subfield code="a">Llorente Villasevil, Ana</subfield>
      <subfield code="e">author</subfield>
   </datafield>
   <datafield ind2=" " ind1=" " tag="720">
      <subfield code="a">Izquierdo Expósito, Violeta</subfield>
      <subfield code="e">author</subfield>
   </datafield>
   <datafield ind2=" " ind1=" " tag="260">
      <subfield code="c">2025</subfield>
   </datafield>
   <datafield ind2=" " ind1=" " tag="520">
      <subfield code="a">El texto explica cómo el muralismo actual retoma la tradición del muralismo mexicano del siglo XX —caracterizado por su compromiso social y político—, pero la reinterpreta en un contexto marcado por la globalización, la digitalización y la diversidad cultural. El neomuralismo combina técnicas tradicionales con recursos digitales, street art, diseño gráfico y activismo visual, configurando nuevas formas de comunicación estética en el espacio urbano.
Se pone de manifiesto como los proyectos de arte urbano se han convertido en herramientas de intervención social y regeneración simbólica de barrios y comunidades. A través de murales colaborativos y participativos, se promueve la inclusión, la memoria colectiva y el sentido de pertenencia. Sin embargo, también se señala la ambivalencia institucional del fenómeno: mientras algunos proyectos refuerzan la autonomía creativa y la crítica social, otros son cooptados por políticas de marketing urbano o gentrificación estética. En conclusión, el artículo plantea que el neomuralismo es una expresión híbrida entre arte, comunicación y ciudadanía. Funciona tanto como forma de resistencia cultural frente a la homogeneización visual del capitalismo global, como instrumento de mediación entre arte y espacio público en la era de la cultura digital.</subfield>
   </datafield>
   <datafield ind1="8" ind2=" " tag="024">
      <subfield code="a">Gutiérrez-Colomer, Natalia; Llorente Villasevil, Ana;  Izquierdo Expósito, Violeta (2025). “Neomuralismo y proyectos derivados del arte urbano. El caso de Madrid”. En Arte y Comunicación: prácticas artísticas y políticas culturales. Cap.18, pp. 221-232. Madrid: Fragua. [ISBN: 978-84-129698-8-7 (papel, ISBN: 978-84-7074-795-3 (pdf)]</subfield>
   </datafield>
   <datafield ind1="8" ind2=" " tag="024">
      <subfield code="a">978-84-129698-8-7</subfield>
   </datafield>
   <datafield ind1="8" ind2=" " tag="024">
      <subfield code="a">https://hdl.handle.net/20.500.14352/126104</subfield>
   </datafield>
   <datafield ind1="8" ind2=" " tag="024">
      <subfield code="a">https://fragua.es/producto/arte-y-comunicacion-practicas-artisticas-y-politicas-culturales-pdf/</subfield>
   </datafield>
   <datafield ind2="0" ind1="0" tag="245">
      <subfield code="a">Neomuralismo y proyectos derivados del arte urbano. El caso de Madrid</subfield>
   </datafield>
</record></metadata></record></GetRecord></OAI-PMH>